Biblioteca y Centro de Documentación

Vista normal Vista MARC

Entrada Nombre corporativo

Número de registros utilizados en: 16

001 - NÚMERO DE CONTROL

  • Campo de control: 2417

003 - IDENTIFICADOR DE NÚMERO DE CONTROL

  • Campo de control: ES-MaCES

005 - FECHA Y HORA DE LA ULTIMA MODIFICACION

  • Campo de control: 20120525104700.0

008 - ELEMENTOS DE DATOS DE LONGITUD FIJA

  • Campo de longitud fija: 981120 | azznnaabn || ana d

035 ## - NÚMERO DE CONTROL DEL SISTEMA

  • Número de control del sistema: CES19980002024e

040 ## - FUENTE DE LA CATALOGACIÓN

  • Agencia original de catalogación: ES-MaCES
  • Idioma de catalogación: spa
  • Agencia de transcripción: ES-MaCES

110 2# - ENCABEZAMIENTO--NOMBRE CORPORATIVO

  • Nombre corporativo o de jurisdicción como elemento de entrada: Consejo Económico y Social (España)
  • Unidad subordinada: Gabinete de Estudios

510 2# - TRAZADO VEÁSE ADEMÁS--NOMBRE CORPORATIVO

  • Nombre corporativo o jurisdicción como elemento de entrada: Consejo Económico y Social (España)
  • Unidad subordinada: Área de Estudios y Análisis

670 ## - FUENTE DE DATOS ENCONTRADOS

  • Fuente de citación: CD del CES
  • Información encontrada: : posteriormente, v.a.: Área de Estudios y Análisis

901 ## - CES. DATOS SIRTEX

  • ID Sirtex (N5N8): 0001800000202
  • 005BIS Sirtex: 199811201747MIG
© CES, Consejo Económico y Social de España 2021